000 00421nam a2200133Ia 4500
008 240719s9999 xx 000 0 und d
041 _aeng
082 _a332.1 BHA
100 _aBhatt, R. Bimal
245 _aAccounting And Financial Policies Practices Standards And Reporting
260 _aNew Delhi
_bSnow White Publication Pvt. Ltd
_c2003
300 _a512;. P. 24 Cm.
520 _aGifted By : IMT Faculty Dr.Pawan sir
999 _c41318
_d41318